Discovering islam : (Record no. 347461)
[ view plain ]
| 000 -LEADER | |
|---|---|
| fixed length control field | 01172 a2200181 4500 |
| 020 ## - INTERNATIONAL STANDARD BOOK NUMBER | |
| International Standard Book Number | 0415285259 (paperback) |
| 020 ## - INTERNATIONAL STANDARD BOOK NUMBER | |
| International Standard Book Number | 9780415285254 (paperback) |
| 082 04 - DEWEY DECIMAL CLASSIFICATION NUMBER | |
| Classification number | 297.09 |
| 090 ## - LOCALLY ASSIGNED LC-TYPE CALL NUMBER (OCLC); LOCAL CALL NUMBER (RLIN) | |
| -- | 5036 |
| -- | 5036 |
| 100 1# - MAIN ENTRY--PERSONAL NAME | |
| Personal name | Ahmed, Akbar S. |
| 245 10 - TITLE STATEMENT | |
| Title | Discovering islam : |
| Remainder of title | making sense of muslim history and society / |
| Statement of responsibility, etc. | Akbar S. Ahmed. |
| 250 ## - EDITION STATEMENT | |
| Edition statement | 2nd ed. |
| 260 ## - PUBLICATION, DISTRIBUTION, ETC. | |
| Place of publication, distribution, etc. | [S.l.] : |
| Name of publisher, distributor, etc. | Routledge, |
| Date of publication, distribution, etc. | 2002. |
| 300 ## - PHYSICAL DESCRIPTION | |
| Extent | 272 p. ; |
| Dimensions | 23 cm. |
| 520 ## - SUMMARY, ETC. | |
| Summary, etc. | Now reissued with a new introduction, Discovering Islam is a classic account of how the history of Islam and its relations with the West have shaped Islamic society today. Islam is often caricatured as aggressive and fanatic. Written in the tradition of Ibn Khaldun, this readable and wide-ranging book balances that image, uncovers the roots of Islamic discontent and celebrates the sources of its strength. From the four "ideal Caliphs" who succeeded the Prophet to the refugee camps of Peshawar, an objective picture emerges of the main features of Muslim history and the compulsions of Muslim society. |
| 856 40 - ELECTRONIC LOCATION AND ACCESS | |
| Materials specified | Amazon.com |
| Uniform Resource Identifier | <a href="http://www.amazon.com/exec/obidos/ASIN/0415285259/chopaconline-20">http://www.amazon.com/exec/obidos/ASIN/0415285259/chopaconline-20</a> |
| 942 ## - ADDED ENTRY ELEMENTS (KOHA) | |
| Institution code [OBSOLETE] | NBS |
| Koha item type | Book |
| Call number prefix | 297.09 AKB |
| Withdrawn status | Lost status | Source of classification or shelving scheme | Materials specified (bound volume or other part) | Damaged status | Not for loan | Permanent Location | Current Location | Shelving location | Date acquired | Total Checkouts | Full call number | Barcode | Date last seen | Date last checked out | Price effective from | Koha item type | Public note |
|---|---|---|---|---|---|---|---|---|---|---|---|---|---|---|---|---|---|
| CSS Corner Book | Central Library (CL) | Central Library (CL) | Central Superior Services | 08/28/2013 | 4 | 297.09 AKB | NBS6297 | 05/20/2014 | 04/28/2014 | 08/28/2013 | CSS Corner | CSS Corner Book |
